| 000 | 00913cam a2200277 i 4500 | ||
|---|---|---|---|
| 001 | 123047 | ||
| 005 | 20230404125641.0 | ||
| 008 | 160830s2007 mx r 000 0 spa d | ||
| 020 | _a9781921235405 | ||
| 020 | _a1921235403 | ||
| 041 | 0 | _aspa | |
| 050 | 1 | 4 | _aCD F |
| 100 | 1 |
_aGuevara, Ernesto, _d1928-1967. |
|
| 245 | 1 | 0 |
_aSobre el sistema presupuestario de financiamiento / _cErnesto Che Guevara. |
| 260 |
_aMéxico, D.F. : _bOcean Sur, _c2007 |
||
| 300 |
_a43 p. ; _c22 cm. |
||
| 440 | 0 | _aLecturas para la reflexión. Ernesto Che Guevara. | |
| 651 | 0 |
_aCuba _xEconomic conditions _y1959-1990. |
|
| 651 | 0 |
_aCuba _xSocial conditions _y1959-1990. |
|
| 651 | 0 |
_aCuba _xPolitics and government _y1959-1990. |
|
| 651 | 4 |
_aCuba _xCondiciones económicas _y1959-1990. |
|
| 651 | 4 |
_aCuba _xCondiciones sociales _y1959-1990. |
|
| 651 | 4 |
_aCuba _xPolitica y gobierno _y1959-1990. |
|
| 942 |
_2lcc _ccd |
||
| 946 | _aJaaM | ||
| 999 |
_c1872 _d1872 |
||